منحة المعبود في ترتيب مسند الطيالسي / (رقم التسجيلة. 27287)

تفاصيل مارك
000 -LEADER
fixed length control field 00651nam a22001937a 4500
005 - DATE AND TIME OF LATEST TRANSACTION
control field 20251108165418.0
008 - FIXED-LENGTH DATA ELEMENTS--GENERAL INFORMATION
fixed length control field 250721s1989 xx 000 0 ara d
082 14 - DEWEY DECIMAL CLASSIFICATION NUMBER
Classification number م/213.4/احم
100 1# - MAIN ENTRY--PERSONAL NAME
Personal name الساعاتي، أحمد عبد الرحمن البنا
245 10 - TITLE STATEMENT
Title منحة المعبود في ترتيب مسند الطيالسي /
250 ## - EDITION STATEMENT
Edition statement ط2
264 1# - PRODUCTION, PUBLICATION, DISTRIBUTION, MANUFACTURE, AND COPYRIGHT NOTICE
Place of production, publication, distribution, manufacture بيروت :
Name of producer, publisher, distributor, manufacturer المكتبة الإسلامية،
Date of production, publication, distribution, manufacture, or copyright notice 1989.
300 ## - PHYSICAL DESCRIPTION
Extent 2ج في مج واحد
650 17 - SUBJECT ADDED ENTRY--TOPICAL TERM
Topical term or geographic name as entry element الإسلام
650 17 - SUBJECT ADDED ENTRY--TOPICAL TERM
Topical term or geographic name as entry element الحيث الشريف
700 1# - ADDED ENTRY--PERSONAL NAME
Personal name المعبود، محمود علي منحة
Relator term تعليق
942 ## - ADDED ENTRY ELEMENTS (KOHA)
Source of classification or shelving scheme Dewey Decimal Classification
Koha item type مراجع
المقتنيات
حالة السحب حالة الفقدان مصدر التصنيف حالة التلف غير قابل للإعارة المكتبة الرئيسية المكتبة الحالية موقع الرف تاريخ التزويد الرقم المتسلسل Total Checkouts رقم الإستدعاء الباركود تاريخ آخر ظهور تاريخ الفاتورة نوع المادة (كوها)
    Dewey Decimal Classification   Not For Loan المكتبة المركزية المكتبة المركزية مراجع 06/07/2004 147850   م/213.4/احم 147850 28/07/2025 06/07/2004 مراجع
    Dewey Decimal Classification   Not For Loan مكتبة حمزة العامة مكتبة حمزة العامة مراجع 17/02/2016 [73]....   م/213.4/احم PLD00374735 28/07/2025 17/02/2016 مراجع
Implemented & Customized by: BBB with SCIT (Smart Chains for Information Technology)

Powered by Koha